000 00810nam a2200253Ia 4500
003 OSt
005 20220928130715.0
006 a|||||r|||| 00| 0
007 ta
008 220927b |||||||| |||| 00| 0 hin d
020 _cINR 750.00
024 _a140389
037 _b1406, 14/02/2019, Shivanjali Prakashan & Book Seller
_cTextual
040 _aSDCL
_cSDCL
_bhin
041 _2hin
_ahin
082 _aO152,3M92, P9
100 _aSnehi Kalicharan
_9475747
245 0 _aPandit Banarsi Das Chaturvedi
_bVyaktitva aur krititva
260 _aDelhi
_bDeshbharati Prakashan
_c2009
300 _axxii,463p.
_ccm.
650 _aHindi
_9391598
942 _hO152,3M92, P9
_cTEXL
_2CC
999 _c788239
_d788239